000 00422nam a2200181Ia 4500
001 4688
005 20260306145814.0
008 260306t1997||||xx |||||||||||||| ||spa||
041 _aESP
082 _a330
_bQ78
100 _aQuispe Quiroz, Ubaldo
_eAUT
245 0 _aIntroducción a la economía
260 _c1997
300 _a655 páginas :
_c24 cm.
650 _aGEN
654 _aCAN
942 _cLIB
_dJUS
_fJUS
_2ddc
_n
999 _c4688
_d4688